[Event "Gausdal Classics Elo"]
[Site "Gausdal"]
[Date "2005.04.13"]
[Round "1"]
[White "Standal, Bard"]
[Black "Ayoub, Paul"]
[Result "1-0"]
[WhiteElo "1949"]
[BlackElo "1180"]
[PlyCount "61"]
[EventDate "2005.04.13"]
[EventType "swiss"]
[EventRounds "9"]
[EventCountry "NOR"]
[SourceTitle "CBM 105 Extra"]
[Source "ChessBase"]
[SourceDate "2005.05.01"]
[SourceVersion "1"]
[SourceVersionDate "2005.05.01"]
[SourceQuality "1"]

1. Nf3 b6 2. g3 Bb7 3. Bg2 Nc6 4. 0-0 Nf6 5. d3 e6 6. Nbd2 d5 7. Re1 Bd6 8. e4 dxe4 9. dxe4 e5 10. Qe2 0-0 11. c3 Nd7 12. Nh4 f6 13. Nf5 Ne7 14. Nxd6 cxd6 15. h4 f5 16. exf5 Bxg2 17. Kxg2 Nxf5 18. Ne4 Nc5 19. Bg5 Qe8 20. Rad1 Nxe4 21. Qxe4 Qd7 22. Qxe5 dxe5 23. Rxd7 Rfe8 24. Re2 a6 25. Rd5 g6 26. Rdxe5 Rxe5 27. Rxe5 Kf7 28. g4 Nd6 29. Re7+ Kg8 30. Re6 Nc4 31. b3 1-0